[Event "2022 Standard Chess Dropout Tournament, Round 5"]
[Site "SchemingMind.com"]
[Date "2023.10.16"]
[Round "5"]
[White "Dan Geana"]
[Black "Helga1946"]
[Result "1-0"]
[WhiteCountry "ROU"]
[BlackCountry "GER"]
[WhiteElo "2598"]
[WhiteRD "116"]
[BlackElo "2418"]
[BlackRD "79"]
[GameID "738093"]

1. c4 c5 2. Nf3 Nf6 3. g3 d5 4. cxd5 Nxd5 5. Bg2 Nc6 6. d4 cxd4 7. Nxd4 Ndb4 8. Nxc6 Qxd1+ 9. Kxd1 Nxc6 10. Bxc6+ bxc6
11. Be3 a5 12. Kd2 h5 13. h4 Rb8 14. b3 g6 15. Nc3 e5 16. Na4 Bb4+ 17. Kc2 Bg4 18. f3 Bf5+ 19. Kb2 O-O 20. Nc5 e4
21. fxe4 Rfe8 22. Rhc1 Bxc5 23. Rxc5 Bxe4 24. Rxa5 Bd5 25. Bf4 Rxe2+ 26. Kc3 Rb7 27. Rd1 Rf2 28. Rd2 Rf1 29. Ra8+ Kg7 30. Re8 Kf6
31. Re5 Rf3+ 32. Re3 Rf1 33. Re5 Rf3+ 34. Re3 Rf1 35. Kb2 Kf5 36. a4 Kg4 37. Bd6 Ra7 38. Bc5 Ra8 39. Bd6 Kh3 40. Bb4 f5
41. Bd6 Ra7 42. Rc3 Ra8 43. Rd4 Ra7 44. Bc5 Ra8 45. Bb6 Ra6 46. a5 Rf2+ 47. Ka3 Rf3 48. Rxf3 Bxf3 49. Rd6 Kxg3 50. Rxg6+ Kh3
51. b4 Ra8 52. Bf2 f4 53. Rf6 Kg4 54. Rg6+ Kh3 55. Rf6 Kg4 56. Kb3 Bd5+ 57. Kc3 Kf3 58. Bb6 Kg4 59. Bc5 Be4 60. Kd4 Bd5
61. Ke5 f3 62. Rg6+ Kxh4 63. Rg1 Kh3 64. Kf4 Re8 65. Rf1 Ra8 66. Rf2 h4 67. Rd2 Rg8 68. a6 Rg4+ 69. Ke5 Re4+ 70. Kf5 Re8
71. a7 Bc4 72. Kf4 Be2 73. Rd7 Kg2 74. Rg7+ Kh2 75. Rb7 Rf8+ 76. Bxf8 f2 77. Bd6 f1=Q+ 78. Kg5+ Kh1 79. a8=Q h3 80. Rh7 Qf3
81. Qa1+ Kg2 82. Rg7 Bd1 83. Qa2+
1-0

[Event "2022 Standard Chess Dropout Tournament, Round 5"]
[Site "SchemingMind.com"]
[Date "2023.10.15"]
[Round "5"]
[White "pjl1015"]
[Black "Juan Jose Rivas Maceda"]
[Result "1/2-1/2"]
[WhiteCountry "USA"]
[BlackCountry "PER"]
[WhiteElo "2358"]
[WhiteRD "108"]
[BlackElo "2522"]
[BlackRD "62"]
[GameID "738094"]

1. e4 c5 2. Nf3 d6 3. d4 cxd4 4. Nxd4 Nf6 5. Nc3 a6 6. Be2 e5 7. Nb3 Be7 8. O-O O-O 9. Be3 Be6 10. Qd3 Nc6
11. a3 d5 12. exd5 Nxd5 13. Nxd5 Qxd5 14. Qxd5 Bxd5 15. Rfd1 Bxb3 16. cxb3 Nd4 17. Bxd4 exd4 18. Bf3 a5 19. Bxb7 Rab8 20. Bd5 Rfd8
21. Bc4 d3 22. Rac1 Bf6 23. a4 Rbc8 24. g3 Be7 25. Rc3 d2 26. Rf3 g5 27. Bxf7+ Kg7 28. Bc4 Bb4 29. Re3 Rf8 30. Re2 Rcd8
31. h3 h5 32. Kf1 Rf5 33. Kg2 h4 34. g4 Rff8 35. Bb5 Rf7 36. Bc4= Re7 37. Rxe7+ Bxe7 38. Bb5 Bb4 39. Kf1 Rd5 40. Bc4 Re5
41. Be2 Kf6 42. Rb1 Re4 43. Rd1 Ke5 44. Rb1= Kd4 45. Rd1 Re8 46. Rb1 Rc8 47. Bc4 Re8 48. Be2=
1/2-1/2

[Event "2022 Standard Chess Dropout Tournament, Round 5"]
[Site "SchemingMind.com"]
[Date "2023.10.17"]
[Round "5"]
[White "Rommel85"]
[Black "Carlos Vila Hernández"]
[Result "1/2-1/2"]
[WhiteCountry "CUB"]
[BlackCountry "CUB"]
[WhiteElo "2546"]
[WhiteRD "79"]
[BlackElo "2564"]
[BlackRD "83"]
[GameID "738095"]

1. e4 e5 2. Nf3 Nc6 3. Bb5 a6 4. Bxc6 dxc6 5. O-O Bg4 6. h3 h5 7. d3 Qf6 8. Nbd2 g5 9. hxg4 hxg4 10. Re1 Nh6
11. Nc4 gxf3 12. Qxf3 Qxf3 13. gxf3 Bd6 14. Kg2 Kd7 15. Bd2 f6 16. Rh1 Nf7 17. Na5 b6 18. Nc4 Rag8 19. Ne3 Ke6 20. Rxh8 Nxh8
21. Rh1 Ng6=
1/2-1/2

[Event "2022 Standard Chess Dropout Tournament, Round 5"]
[Site "SchemingMind.com"]
[Date "2023.10.13"]
[Round "5"]
[White "The Chess Machine"]
[Black "William Lindberg"]
[Result "1-0"]
[WhiteCountry "ENG"]
[BlackCountry "USA"]
[WhiteElo "2493"]
[WhiteRD "66"]
[BlackElo "2355"]
[BlackRD "66"]
[GameID "738096"]

1. e4 e5 2. Nf3 Nc6 3. Bb5 a6 4. Ba4 b5 5. Bb3 d6 6. c3 Nf6 7. d4 Be7 8. O-O Bg4 9. h3 Bxf3 10. Qxf3 exd4
11. Qg3 O-O 12. Bh6 Ne8 13. Bd5 Bh4 14. Qf4 Ne7 15. Bxa8 Ng6 16. Qf3 Qxa8 17. Bc1 Bf6 18. a4 Qb7 19. axb5 axb5 20. cxd4 Bxd4
21. Nd2 c5 22. e5 Qxf3 23. Nxf3 dxe5 24. Nxd4 cxd4 25. Bd2 Nf6 26. Ra7 h6 27. Rfa1 Kh7 28. f3 Nh5 29. Ra8 Rxa8 30. Rxa8 f5
31. Re8 Ng3 32. b4 Nh5 33. Bc1 Nf6 34. Rb8 Ne7 35. Rxb5 Ned5 36. Kf2 Kg6 37. Rb7 e4 38. fxe4 fxe4 39. b5 e3+ 40. Kf3 h5
41. h4 Kf5 42. Rxg7 Ne4 43. Rf7+ Ke5 44. Rh7 Ndc3 45. Rxh5+ Ke6 46. Bxe3 dxe3 47. Kxe3 Nd6 48. Rc5 Nce4 49. Kd4 Nf6 50. Re5+ Kd7
51. h5 Nf7 52. Rf5 Ke6 53. Rxf6+ Kxf6 54. Kd5 Ke7 55. Kc6 Kd8 56. Kb6 Ke8 57. Kc7 Ng5 58. b6 Ne6+ 59. Kc8 Nc5 60. g4 Kf7
61. g5 Ke6 62. h6 Kf7 63. b7 Na6 64. h7 Kg7 65. g6 Kh8 66. Kd8 Kg7 67. Ke7 Kh8 68. Kf7 Nb8 69. g7+
1-0

[Event "2022 Standard Chess Dropout Tournament, Round 5"]
[Site "SchemingMind.com"]
[Date "2023.10.13"]
[Round "5"]
[White "John C. Walton"]
[Black "pjl1015"]
[Result "1-0"]
[WhiteCountry "USA"]
[BlackCountry "USA"]
[WhiteElo "2578"]
[WhiteRD "126"]
[BlackElo "2344"]
[BlackRD "107"]
[GameID "738097"]

1. d4 d5 2. c4 e6 3. Nc3 Nf6 4. cxd5 exd5 5. Bg5 c6 6. Qc2 h6 7. Bh4 Be6 8. e3 Nbd7 9. f3 Bd6 10. Bd3 c5
11. Nge2 c4 12. Bf5 O-O 13. O-O Qe8 14. Bxe6 Qxe6 15. Bf2 Rfe8 16. Rae1 a6 17. a4 Bc7 18. Ng3 Qc6 19. e4 Bxg3 20. Bxg3 b5
21. e5 Nh5 22. Ne2 Nxg3 23. Nxg3 bxa4 24. f4 Rab8 25. f5 Qb6 26. Qf2 Qxb2 27. Re2 Qa3 28. f6 g6 29. Nf5 Qf8 30. Ng7 Rb6
31. e6 Rexe6 32. Nxe6 fxe6 33. f7+ Kg7 34. Qg3 Rc6 35. h4 a3 36. h5 g5 37. Ref2 Rc8 38. Rb1 Qe7 39. Rb7 a2 40. Rxa2 Kxf7
41. Rxa6 Rd8 42. Rd6 Ke8 43. Qa3 c3 44. Rc7 Kf7 45. Rxc3 Nf8 46. Rxd8 Qxd8 47. Rf3+ Kg8 48. Qa7 Nd7 49. Qb7
1-0

[Event "2022 Standard Chess Dropout Tournament, Round 5"]
[Site "SchemingMind.com"]
[Date "2023.10.13"]
[Round "5"]
[White "zygyzag"]
[Black "Ninaner2"]
[Result "0-1"]
[WhiteCountry "ENG"]
[BlackCountry "NED"]
[WhiteElo "2068"]
[WhiteRD "116"]
[BlackElo "2371"]
[BlackRD "98"]
[GameID "738098"]

1. d4 Nf6 2. c4 e6 3. Nc3 Bb4 4. e3 O-O 5. Ne2 d5 6. a3 Be7 7. cxd5 exd5 8. Nf4 c6 9. Bd3 Re8 10. O-O Nbd7
11. f3 Nf8 12. Bc2 Bd6 13. e4 dxe4 14. fxe4 Bg4 15. Qd3 c5 16. e5 cxd4 17. exf6 dxc3 18. fxg7 Ng6 19. Nxg6 hxg6 20. Qc4 Be6
21. Qxc3 Rc8 22. Qd2 Rc4 23. Qf2 Bd5 24. Bb3 Rh4 25. h3 Bxb3 26. Bd2 Bc7 27. Bb4 Rxb4
0-1

[Event "2022 Standard Chess Dropout Tournament, Round 6"]
[Site "SchemingMind.com"]
[Date "2024.03.15"]
[Round "6"]
[White "Ricardo Martinez Puigros"]
[Black "Jari Laine"]
[Result "*"]
[WhiteCountry "ESP"]
[BlackCountry "FIN"]
[WhiteElo "2528"]
[WhiteRD "125"]
[BlackElo "2524"]
[BlackRD "93"]
[GameID "743040"]

1. d4 Nf6 2. c4 e6 3. Nc3 d5 4. cxd5 exd5 5. Bg5 c6 6. e3 h6 7. Bh4 Be7 8. Bd3 O-O 9. Nge2 Re8 10. O-O Nbd7
11. Qc2 Nh5 12. Bxe7 Qxe7 13. Rae1 Nf8 14. Qd2
*

[Event "2022 Standard Chess Dropout Tournament, Round 6"]
[Site "SchemingMind.com"]
[Date "2024.03.15"]
[Round "6"]
[White "Carlos Vila Hernández"]
[Black "Rommel85"]
[Result "*"]
[WhiteCountry "CUB"]
[BlackCountry "CUB"]
[WhiteElo "2540"]
[WhiteRD "89"]
[BlackElo "2527"]
[BlackRD "77"]
[GameID "743041"]

1. e4 e5 2. Nf3 Nc6 3. Bc4 Bc5 4. Nc3 Nf6 5. d3 a6 6. Bg5 h6 7. Bxf6 Qxf6 8. Nd5 Qd8 9. c3 Ba7 10. d4 d6
11. dxe5 Be6 12. O-O Nxe5
*

[Event "2022 Standard Chess Dropout Tournament, Round 6"]
[Site "SchemingMind.com"]
[Date "2024.03.15"]
[Round "6"]
[White "carra1971"]
[Black "Dan Geana"]
[Result "*"]
[WhiteCountry "CUB"]
[BlackCountry "ROU"]
[WhiteElo "2519"]
[WhiteRD "104"]
[BlackElo "2602"]
[BlackRD "121"]
[GameID "743042"]

1. d4 Nf6 2. c4 g6 3. Nc3 d5 4. cxd5 Nxd5 5. e4 Nxc3 6. bxc3 Bg7 7. Nf3 c5 8. Rb1 O-O 9. Be2 cxd4 10. cxd4 Qa5+
11. Bd2 Qxa2 12. O-O Bg4 13. Be3 Nc6 14. d5 Na5 15. Bg5 Qa3
*

[Event "2022 Standard Chess Dropout Tournament, Round 6"]
[Site "SchemingMind.com"]
[Date "2024.03.15"]
[Round "6"]
[White "George Dimitrov"]
[Black "gvhill"]
[Result "*"]
[WhiteCountry "BUL"]
[BlackCountry "USA"]
[WhiteElo "2515"]
[WhiteRD "91"]
[BlackElo "2509"]
[BlackRD "166"]
[GameID "743043"]

1. e4 e5 2. Nf3 Nc6 3. Bb5 a6 4. Ba4 Nf6 5. O-O Be7 6. Re1 b5 7. Bb3 O-O 8. a4 b4 9. d4 d6 10. dxe5 dxe5
11. Nbd2 Bc5 12. a5 h6 13. h3 Qd6 14. Qe2 Be6 15. Nc4 Qe7 16. Be3 Rab8 17. Bxc5 Qxc5 18. Ncd2 Bxb3 19. cxb3 Nxa5 20. Rec1 Qb6
21. Nxe5 Qb5 22. Nec4 Nc6 23. Nf1 Rfe8 24. Ng3 Rbd8 25. Qe3 Nd5 26. Qd2 Nde7 27. Qe3 h5 28. h4 Ng6 29. Nf5 Rd7 30. f3
*

[Event "2022 Standard Chess Dropout Tournament, Round 6"]
[Site "SchemingMind.com"]
[Date "2024.03.12"]
[Round "6"]
[White "Giraldo Menendez Rodriguez"]
[Black "George Dimitrov"]
[Result "1/2-1/2"]
[WhiteCountry "CUB"]
[BlackCountry "BUL"]
[WhiteElo "2581"]
[WhiteRD "94"]
[BlackElo "2515"]
[BlackRD "91"]
[GameID "743044"]

1. d4 d5 2. c4 c6 3. Nf3 Nf6 4. Nc3 e6 5. Bg5 h6 6. Bh4 dxc4 7. e4 g5 8. Bg3 b5 9. h4 g4 10. Ne5 Rg8
11. Be2 Bb7 12. Nxg4 Nbd7 13. Nxf6+ Qxf6 14. O-O O-O-O 15. Bf3 Rxg3 16. fxg3 Qg7 17. Ne2 c5 18. d5 Ne5 19. Qc2 exd5 20. exd5 Nxf3+
21. Rxf3 Bxd5 22. Re3 Qg6 23. Qc1 Qf6 24. Qc2 Bg7 25. Rd1 Qg6 26. Qd2 Qb6 27. Kh2 Be6 28. Qe1 Rxd1 29. Qxd1 Bxb2 30. Nf4 Bd4
31. Re1 Qd6 32. Qf3 Kc7 33. Nxe6+ fxe6 34. Qf7+ Qd7 35. Qf4+ Kc6 36. Qxh6 b4 37. Qg6 b3=
1/2-1/2

[Event "2022 Standard Chess Dropout Tournament, Round 6"]
[Site "SchemingMind.com"]
[Date "2024.03.15"]
[Round "6"]
[White "gvhill"]
[Black "John C. Walton"]
[Result "*"]
[WhiteCountry "USA"]
[BlackCountry "USA"]
[WhiteElo "2509"]
[WhiteRD "166"]
[BlackElo "2568"]
[BlackRD "124"]
[GameID "743045"]

1. d4 Nf6 2. c4 g6 3. Nc3 d5 4. cxd5 Nxd5 5. e4 Nxc3 6. bxc3 Bg7 7. Bc4 c5 8. Ne2 Nc6 9. Be3 O-O 10. O-O b6
11. Rc1 Bb7 12. Bb5 Rc8 13. Bxc6 Rxc6 14. d5 Rd6 15. c4 e6 16. Qa4 Rd7 17. f3 exd5 18. cxd5 Re8 19. Nf4 Bxd5 20. Nxd5 Rxd5
21. exd5 Rxe3 22. Qxa7 Bd4 23. Kh1 Qxd5 24. Qxb6 Re2 25. Rce1 Qxa2
*

[Event "2022 Standard Chess Dropout Tournament, Round 6"]
[Site "SchemingMind.com"]
[Date "2024.03.15"]
[Round "6"]
[White "Jari Laine"]
[Black "Jon Coles"]
[Result "1/2-1/2"]
[WhiteCountry "FIN"]
[BlackCountry "WLS"]
[WhiteElo "2524"]
[WhiteRD "93"]
[BlackElo "2514"]
[BlackRD "105"]
[GameID "743046"]

1. e4 c6 2. d4 d5 3. exd5 cxd5 4. Nf3 Nc6 5. Ne5 a6 6. c3 Nxe5 7. dxe5 Bf5 8. Be3 e6 9. Nd2 Ne7 10. f4 Qc7
11. Be2 g5 12. fxg5 h6 13. Nf3 hxg5 14. Bxg5 Rg8 15. h4 Nc6 16. Qa4 Be7 17. Bb5 O-O-O 18. Bxc6 f6 19. exf6 Qg3+ 20. Kd1 Qxg2
21. fxe7 Qxf3+ 22. Kd2 Rxg5 23. Bxb7+ Kxb7 24. exd8=N+ Kc8 25. Qxa6+ Kxd8 26. Qb6+ Ke7=
1/2-1/2

[Event "2022 Standard Chess Dropout Tournament, Round 6"]
[Site "SchemingMind.com"]
[Date "2024.03.13"]
[Round "6"]
[White "Jon Coles"]
[Black "Rubén Pulido "]
[Result "1/2-1/2"]
[WhiteCountry "WLS"]
[BlackCountry "CUB"]
[WhiteElo "2514"]
[WhiteRD "105"]
[BlackElo "2561"]
[BlackRD "99"]
[GameID "743047"]

1. Nf3 Nf6 2. b3 d5 3. e3 Bf5 4. Bb2 e6 5. c4 Bd6 6. Nh4 Bg4 7. Be2 Bxe2 8. Qxe2 c6 9. O-O O-O 10. f4 a5
11. Nc3 a4 12. bxa4 Re8 13. Rab1 Nbd7 14. Ba1 Nc5 15. Nf3 Qc8 16. a3 Nfe4 17. d4 Nxc3 18. Bxc3 Nxa4 19. Bb4 Bxb4 20. Rxb4 c5
21. dxc5 Qxc5 22. Rxb7 Nc3 23. Qd3 Qxc4 24. Qxc4 dxc4 25. Ne5 Rec8 26. Rb4 Rxa3 27. Rxc4=
1/2-1/2

[Event "2022 Standard Chess Dropout Tournament, Round 6"]
[Site "SchemingMind.com"]
[Date "2024.03.11"]
[Round "6"]
[White "Keith McLaughlin"]
[Black "Giraldo Menendez Rodriguez"]
[Result "1/2-1/2"]
[WhiteCountry "ENG"]
[BlackCountry "CUB"]
[WhiteElo "2370"]
[WhiteRD "113"]
[BlackElo "2581"]
[BlackRD "94"]
[GameID "743048"]

1. e4 c5 2. c3 Nf6 3. e5 Nd5 4. Nf3 d6 5. d4 cxd4 6. cxd4 Nc6 7. Bc4 Nb6 8. Bb5 dxe5 9. Nxe5 Bd7 10. Nxd7 Qxd7
11. Nc3 e6 12. O-O Rd8 13. Qf3 Be7 14. Be3 a6 15. Bxc6 Qxc6 16. Qxc6+ bxc6 17. Ne2 Nd5 18. Rfc1 Rb8 19. b3 Kd7 20. Nf4 Nxf4
21. Bxf4 Rb4 22. Rc2 Bf6 23. Be5 Rc8 24. Rac1 Bxe5 25. dxe5 a5 26. Rc4 Rxc4 27. Rxc4 c5 28. Ra4 Ra8=
1/2-1/2

[Event "2022 Standard Chess Dropout Tournament, Round 6"]
[Site "SchemingMind.com"]
[Date "2024.03.11"]
[Round "6"]
[White "Rubén Pulido "]
[Black "Juan Jose Rivas Maceda"]
[Result "1/2-1/2"]
[WhiteCountry "CUB"]
[BlackCountry "PER"]
[WhiteElo "2561"]
[WhiteRD "99"]
[BlackElo "2529"]
[BlackRD "61"]
[GameID "743049"]

1. Nf3 d5 2. d4 Nf6 3. c4 c6 4. e3 e6 5. Bd3 dxc4 6. Bxc4 c5 7. O-O a6 8. dxc5 Bxc5 9. Qxd8+ Kxd8 10. Be2 Ke7
11. Nc3 Rd8 12. Na4 Ba7 13. b3 Nbd7 14. Nd4 Ke8 15. Bb2 Nd5 16. Nf3 f6 17. Nc3 Nxc3 18. Bxc3 Nb6 19. Rfd1 Rxd1+ 20. Rxd1 Nd5
21. Bb2 Bd7 22. Bd3 h6 23. Bg6+ Kd8 24. h3 Rc8 25. Be4 Ke7 26. Bxd5 exd5 27. Rxd5 Rc2=
1/2-1/2

[Event "2022 Standard Chess Dropout Tournament, Round 6"]
[Site "SchemingMind.com"]
[Date "2024.03.11"]
[Round "6"]
[White "Juan Jose Rivas Maceda"]
[Black "Keith McLaughlin"]
[Result "1-0"]
[WhiteCountry "PER"]
[BlackCountry "ENG"]
[WhiteElo "2529"]
[WhiteRD "61"]
[BlackElo "2370"]
[BlackRD "113"]
[GameID "743050"]

1. e4 e5 2. Nf3 Nc6 3. Bc4 Bc5 4. c3 Nf6 5. d4 exd4 6. b4 Bb6 7. e5 Ne4 8. Bd5 Nxc3 9. Nxc3 dxc3 10. Bg5 Ne7
11. O-O h6 12. Bh4 g5 13. Nxg5 Nxd5 14. Nf3 Ne7 15. Re1 c6 16. Qc1 Kf8 17. Bf6 Rh7 18. Nh4 Qe8 19. Qxc3 Ng6 20. Nf5 Qe6
21. Nd6 Nf4 22. Qg3 Ng6 23. Rad1 Bc7 24. Qc3 h5 25. h3 h4 26. b5 Kg8 27. Re4 a6 28. b6 Bxd6 29. Rxd6 Qf5 30. Rg4
1-0

[Event "2022 Standard Chess Dropout Tournament, Round 6"]
[Site "SchemingMind.com"]
[Date "2024.03.11"]
[Round "6"]
[White "Matthew Bailey"]
[Black "Ninaner2"]
[Result "1-0"]
[WhiteCountry "ENG"]
[BlackCountry "NED"]
[WhiteElo "2539"]
[WhiteRD "68"]
[BlackElo "2385"]
[BlackRD "97"]
[GameID "743051"]

1. e4 c5 2. Nf3 d6 3. Bc4 Nf6 4. d3 Nc6 5. O-O e6 6. a4 Be7 7. Bb3 O-O 8. c3 Ne5 9. Nxe5 dxe5 10. Na3 b6
11. Nc4 Nd7 12. Qg4 Ba6 13. f4 Bxc4 14. Bxc4 exf4 15. Bxf4 Nf6 16. Qe2 a6 17. Kh1 Ne8 18. e5 a5 19. Qh5 h6 20. Qg4 Bg5
21. Bg3 Nc7 22. h4 Be7 23. Bf4 Kh7 24. Rf3 b5 25. axb5
1-0

[Event "2022 Standard Chess Dropout Tournament, Round 6"]
[Site "SchemingMind.com"]
[Date "2024.03.15"]
[Round "6"]
[White "Ninaner2"]
[Black "Ricardo Martinez Puigros"]
[Result "*"]
[WhiteCountry "NED"]
[BlackCountry "ESP"]
[WhiteElo "2385"]
[WhiteRD "97"]
[BlackElo "2528"]
[BlackRD "125"]
[GameID "743052"]

1. e4 c5 2. Nf3 d6 3. d4 cxd4 4. Nxd4 Nf6 5. Nc3 a6 6. Be3 e5 7. Nb3 Be6 8. Qd2 Nbd7 9. f3 h5 10. a4 Rc8
11. a5 Qc7 12. Be2 Qc6 13. Ra4 Rd8 14. O-O Nc5 15. Nxc5 dxc5 16. Qe1 c4 17. h3 Bc5 18. Qf2
*

[Event "2022 Standard Chess Dropout Tournament, Round 6"]
[Site "SchemingMind.com"]
[Date "2024.03.12"]
[Round "6"]
[White "Dan Geana"]
[Black "Carlos Vila Hernández"]
[Result "*"]
[WhiteCountry "ROU"]
[BlackCountry "CUB"]
[WhiteElo "2602"]
[WhiteRD "121"]
[BlackElo "2540"]
[BlackRD "89"]
[GameID "743053"]

1. Nc3 d5 2. e4 d4 3. Nce2 e5 4. Ng3 Be6 5. Nf3 f6 6. Bb5+ c6 7. Ba4 Na6 8. Bb3 Bxb3 9. axb3 d3 10. O-O Nb4
11. cxd3 Nxd3 12. Ne1 Nh6 13. b4 Nxc1 14. Qxc1 Qb6 15. d4 Qxd4 16. b5 cxb5 17. Nc2 Qb6 18. Ne3 Bc5 19. Nd5 Qd6 20. Qc2 O-O
21. Rac1 Bd4 22. Ne2 a6 23. Nxd4 exd4 24. Rfd1 f5 25. Rxd4 fxe4 26. Qxe4 Rae8 27. Qc2 Ng4 28. Rxg4 Qxd5 29. h4 Rf6 30. Rd1
*

[Event "2022 Standard Chess Dropout Tournament, Round 6"]
[Site "SchemingMind.com"]
[Date "2024.03.15"]
[Round "6"]
[White "Rommel85"]
[Black "carra1971"]
[Result "*"]
[WhiteCountry "CUB"]
[BlackCountry "CUB"]
[WhiteElo "2527"]
[WhiteRD "77"]
[BlackElo "2519"]
[BlackRD "104"]
[GameID "743054"]

1. e4 e5 2. Nf3 Nf6 3. Nxe5 d6 4. Nf3 Nxe4 5. d4 d5 6. Bd3 Be7 7. O-O O-O 8. c4 Nf6 9. Nc3 Nc6 10. h3 Nb4
11. c5 Nxd3 12. Qxd3 c6 13. Re1
*

[Event "2022 Standard Chess Dropout Tournament, Round 6"]
[Site "SchemingMind.com"]
[Date "2024.03.15"]
[Round "6"]
[White "John C. Walton"]
[Black "Matthew Bailey"]
[Result "1/2-1/2"]
[WhiteCountry "USA"]
[BlackCountry "ENG"]
[WhiteElo "2568"]
[WhiteRD "124"]
[BlackElo "2539"]
[BlackRD "68"]
[GameID "743055"]

1. d4 Nf6 2. c4 e6 3. Nf3 d5 4. Nc3 Bb4 5. cxd5 exd5 6. Bg5 h6 7. Bh4 O-O 8. e3 Bf5 9. Qb3 Bxc3+ 10. bxc3 Nbd7
11. Be2 c5 12. dxc5 Nxc5 13. Qb4 Rc8 14. O-O Re8 15. Rfd1 g5 16. Bg3 Nfe4 17. c4 Qf6 18. cxd5 Nc3 19. Nd4 Nxd1 20. Rxd1 Ne4
21. d6 Nc3 22. Re1 Nxe2+ 23. Nxe2 b6 24. Qa4 Qe6 25. Nd4 Qd7 26. Qd1 Rc5 27. Qf3 Bg6 28. Qf6 Qd8 29. Qf3 Qd7 30. Qf6=
1/2-1/2